[Event "eytcc"]
[Site "?"]
[Date "2017.08.20"]
[Round "4.30"]
[White "Boudry, William"]
[Black "Macko, Miroslav"]
[Result "1-0"]
[BlackElo "2304"]
[WhiteElo "1965"]
[LiveChessVersion "1.4.4"]

1. d4 {[%clk 1:30:54]} Nf6 {[%clk 1:30:35]} 2. Nf3 {[%clk 1:31:19]} c5
{[%clk 1:30:34]} 3. d5 {[%clk 1:31:35]} b5 {[%clk 1:30:55]} 4. c4
{[%clk 1:32:00]} g6 {[%clk 1:30:49]} 5. Qc2 {[%clk 1:32:12]} b4 {[%clk 1:24:18]}
6. e4 {[%clk 1:32:20]} d6 {[%clk 1:24:43]} 7. a3 {[%clk 1:31:52]} Qa5
{[%clk 1:19:56]} 8. Bd2 {[%clk 1:31:49]} Bg7 {[%clk 1:19:49]} 9. Bd3
{[%clk 1:31:57]} O-O {[%clk 1:20:00]} 10. h3 {[%clk 1:31:11]} e5 {[%clk 1:15:29]}
11. Qb3 {[%clk 1:27:24]} Na6 {[%clk 1:10:48]} 12. O-O {[%clk 1:27:08]} Rb8
{[%clk 1:02:16]} 13. axb4 {[%clk 1:24:29]} Qxa1 {[%clk 1:00:47]} 14. Na3
{[%clk 1:24:06]} Qxf1+ {[%clk 1:01:03]} 15. Kxf1 {[%clk 1:24:31]} cxb4
{[%clk 0:46:35]} 16. Nb5 {[%clk 1:23:28]} Nc5 {[%clk 0:43:24]} 17. Qc2
{[%clk 1:22:14]} b3 {[%clk 0:30:09]} 18. Qb1 {[%clk 1:21:50]} Nfxe4
{[%clk 0:29:55]} 19. Bxe4 {[%clk 1:19:13]} f5 {[%clk 0:30:17]} 20. Nxd6
{[%clk 1:11:54]} Nxe4 {[%clk 0:30:32]} 21. Nxe4 {[%clk 1:11:19]} fxe4
{[%clk 0:30:56]} 22. Qxe4 {[%clk 1:09:59]} Ba6 {[%clk 0:26:20]} 23. Kg1
{[%clk 1:04:40]} Rbc8 {[%clk 0:24:12]} 24. d6 {[%clk 1:03:49]} Bxc4
{[%clk 0:10:12]} 25. d7 {[%clk 1:00:19]} Rc7 {[%clk 0:10:27]} 26. Ba5
{[%clk 1:00:38]} Rxd7 {[%clk 0:10:21]} 27. Qxc4+ {[%clk 1:01:04]} Kh8
{[%clk 0:10:46]} 28. Bc3 {[%clk 1:01:14]} Re8 {[%clk 0:09:16]} 29. Ng5
{[%clk 1:00:55]} h6 {[%clk 0:08:34]} 30. Nf7+ {[%clk 1:00:34]} Kh7
{[%clk 0:08:53]} 31. Qc6 {[%clk 0:59:55]} Ree7 {[%clk 0:06:12]} 32. Nd6
{[%clk 0:57:35]} Rc7 {[%clk 0:06:03]} 33. Qf3 {[%clk 0:56:44]} Rcd7
{[%clk 0:03:02]} 34. Ne4 {[%clk 0:56:49]} Rb7 {[%clk 0:03:05]} 35. Nf6+
{[%clk 0:56:24]} Kh8 {[%clk 0:03:21]} 36. Qc6 {[%clk 0:55:16]} Rb8
{[%clk 0:02:48]} 37. Qd6 {[%clk 0:55:08]} Reb7 {[%clk 0:02:49]} 38. Bxe5
{[%clk 0:54:56]} Rb5 {[%clk 0:01:04]} 39. Nd5 {[%clk 0:54:40]} Rg8
{[%clk 0:00:56]} 40. Bxg7+ {[%clk 1:25:01]} Rxg7 {[%clk 0:30:48]} 41. Qf8+
{[%clk 1:25:17]} Kh7 {[%clk 0:31:13]} 42. Nf6# {[%clk 1:25:40]} 1-0

[Event "eytcc"]
[Site "?"]
[Date "2017.08.20"]
[Round "4.31"]
[White "Haring, Filip"]
[Black "De Bock, Thijs"]
[Result "1/2-1/2"]
[BlackElo "1951"]
[WhiteElo "2258"]
[LiveChessVersion "1.4.4"]

1. e4 c5 2. Nf3 d6 3. d4 cxd4 4. Nxd4 Nf6 5. Nc3 g6 6. Be3 Bg7 7. f3 O-O 8. Bc4
Nc6 9. Qd2 Bd7 10. Bb3 Nxd4 11. Bxd4 b5 12. a4 b4 13. Ne2 a5 14. g4 Rc8 15. g5
Nh5 16. Ng3 Bxd4 17. Qxd4 Nf4 18. Qd2 Ne6 19. h4 Qb6 20. Ne2 Nc5 21. h5 Nxb3 22.
cxb3 Rc5 23. Rc1 Rfc8 24. hxg6 fxg6 25. Rc4 Rxc4 26. bxc4 b3 27. Nc3 e6 28. Qf2
Qxf2+ 29. Kxf2 Rxc4 30. Rd1 Bxa4 31. Rxd6 Bc6 32. Ke3 e5 33. Kd3 Rc5 34. f4 a4
35. fxe5 a3 36. bxa3 Bb5+ 37. Kd2 b2 38. Rb6 Rxc3 39. Rxb5 Rxa3 40. Rxb2 Kf7 41.
Rb6 Rg3 42. e6+ Ke7 43. Ke2 Rxg5 44. Rb7+ Kxe6 45. Rxh7 Rg3 46. Kf2 Rb3 47. Rg7
Ke5 48. Re7+ Kf4 1/2-1/2

[Event "eytcc"]
[Site "?"]
[Date "2017.08.20"]
[Round "4.32"]
[White "Van Malder, Dries"]
[Black "Sahidi, Samir"]
[Result "0-1"]
[BlackElo "2212"]
[WhiteElo "1916"]
[LiveChessVersion "1.4.4"]

1. d4 {[%clk 1:30:57]} e6 {[%clk 1:29:58]} 2. c4 {[%clk 1:31:21]} Nf6
{[%clk 1:30:14]} 3. Nf3 {[%clk 1:31:42]} Be7 {[%clk 1:27:32]} 4. g3
{[%clk 1:28:55]} O-O {[%clk 1:25:28]} 5. Bg2 {[%clk 1:29:21]} d5 {[%clk 1:22:58]}
6. O-O {[%clk 1:29:41]} c6 {[%clk 1:22:15]} 7. Nbd2 {[%clk 1:30:03]} Nbd7
{[%clk 1:21:21]} 8. Qc2 {[%clk 1:30:24]} b6 {[%clk 1:17:59]} 9. e4
{[%clk 1:29:06]} dxc4 {[%clk 1:16:08]} 10. Nxc4 {[%clk 1:29:03]} Ba6
{[%clk 1:15:36]} 11. b3 {[%clk 1:15:28]} c5 {[%clk 1:11:55]} 12. Rd1
{[%clk 1:14:11]} cxd4 {[%clk 1:11:33]} 13. Nxd4 {[%clk 1:12:32]} Rc8
{[%clk 1:11:39]} 14. Qe2 {[%clk 0:48:23]} Qc7 {[%clk 1:05:31]} 15. Bf1
{[%clk 0:47:49]} Ne5 {[%clk 1:00:50]} 16. Bf4 {[%clk 0:47:12]} Bd6
{[%clk 0:58:42]} 17. Bxe5 {[%clk 0:44:49]} Bxe5 {[%clk 0:57:43]} 18. Rac1
{[%clk 0:44:40]} Bxd4 {[%clk 0:56:28]} 19. Rxd4 {[%clk 0:44:50]} b5
{[%clk 0:56:43]} 20. Qd2 {[%clk 0:40:20]} bxc4 {[%clk 0:56:42]} 21. bxc4
{[%clk 0:40:40]} e5 {[%clk 0:56:01]} 22. Rd3 {[%clk 0:39:15]} Nxe4
{[%clk 0:56:05]} 0-1

[Event "eytcc"]
[Site "?"]
[Date "2017.08.20"]
[Round "4.33"]
[White "Pacan-Milej, Kosma"]
[Black "Dobrovoljc, Vid"]
[Result "1-0"]
[BlackElo "2303"]
[WhiteElo "2338"]
[LiveChessVersion "1.4.4"]

1. d4 {[%clk 1:30:58]} Nf6 {[%clk 1:30:51]} 2. c4 {[%clk 1:31:22]} e6
{[%clk 1:31:16]} 3. Nf3 {[%clk 1:30:47]} d5 {[%clk 1:31:39]} 4. g3
{[%clk 1:31:00]} Be7 {[%clk 1:30:53]} 5. Bg2 {[%clk 1:30:46]} O-O
{[%clk 1:30:35]} 6. O-O {[%clk 1:31:08]} dxc4 {[%clk 1:29:49]} 7. Qc2
{[%clk 1:31:31]} a6 {[%clk 1:30:10]} 8. a4 {[%clk 1:31:52]} Bd7 {[%clk 1:29:16]}
9. Qxc4 {[%clk 1:32:06]} Bc6 {[%clk 1:28:19]} 10. Bf4 {[%clk 1:32:13]} Bd6
{[%clk 1:21:52]} 11. Qc1 {[%clk 1:32:26]} a5 {[%clk 1:11:25]} 12. Nc3
{[%clk 1:31:25]} Na6 {[%clk 1:08:47]} 13. Rd1 {[%clk 1:08:45]} h6
{[%clk 0:45:55]} 14. Ne5 {[%clk 1:04:57]} Bxg2 {[%clk 0:43:56]} 15. Kxg2
{[%clk 1:05:21]} Nd5 {[%clk 0:41:40]} 16. Ne4 {[%clk 0:59:32]} Nxf4+
{[%clk 0:34:06]} 17. gxf4 {[%clk 0:59:44]} Qh4 {[%clk 0:31:49]} 18. Rd3
{[%clk 0:45:39]} Rfd8 {[%clk 0:22:23]} 19. Rg3 {[%clk 0:30:11]} Rac8
{[%clk 0:13:26]} 20. Kh1 {[%clk 0:28:35]} Bxe5 {[%clk 0:06:20]} 21. dxe5
{[%clk 0:28:53]} Kh8 {[%clk 0:05:25]} 22. Qe3 {[%clk 0:27:09]} Nb4
{[%clk 0:05:02]} 23. Rag1 {[%clk 0:10:32]} Nc2 {[%clk 0:03:13]} 24. Qc1
{[%clk 0:06:39]} Nd4 {[%clk 0:03:39]} 25. Rg4 {[%clk 0:06:17]} Qh5
{[%clk 0:03:32]} 26. Qe3 {[%clk 0:04:44]} Nf5 {[%clk 0:03:20]} 27. Qf3
{[%clk 0:04:59]} Rd4 {[%clk 0:00:36]} 28. Nf6 {[%clk 0:02:56]} gxf6
{[%clk 0:01:01]} 29. Rg8+ {[%clk 0:03:18]} Rxg8 {[%clk 0:01:30]} 30. Rxg8+
{[%clk 0:03:44]} Kxg8 {[%clk 0:01:54]} 31. Qxh5 {[%clk 0:04:12]} Rxf4
{[%clk 0:01:57]} 32. exf6 {[%clk 0:02:17]} Rxf2 {[%clk 0:02:04]} 33. Qg4+
{[%clk 0:01:40]} Kh7 {[%clk 0:02:21]} 34. Qe4 {[%clk 0:01:39]} Rf1+
{[%clk 0:01:48]} 35. Kg2 {[%clk 0:02:06]} Rc1 {[%clk 0:02:06]} 36. Qxb7
{[%clk 0:02:07]} Rc2 {[%clk 0:01:45]} 37. Qb5 {[%clk 0:01:26]} c6
{[%clk 0:01:32]} 38. Qxa5 {[%clk 0:00:43]} Rxe2+ {[%clk 0:01:47]} 39. Kf1
{[%clk 0:00:40]} Rxb2 {[%clk 0:01:45]} 40. Qd8 {[%clk 0:30:41]} c5
{[%clk 0:31:11]} 41. Qf8 {[%clk 0:29:00]} Rb1+ {[%clk 0:29:47]} 42. Kf2
{[%clk 0:27:18]} Kg6 {[%clk 0:27:01]} 43. Qxc5 {[%clk 0:26:10]} Ra1
{[%clk 0:21:42]} 44. a5 {[%clk 0:24:10]} Ra2+ {[%clk 0:21:42]} 45. Ke1
{[%clk 0:21:17]} Nd4 {[%clk 0:13:13]} 46. Qb6 {[%clk 0:18:09]} Nc2+
{[%clk 0:07:53]} 47. Kd2 {[%clk 0:14:12]} Nb4+ {[%clk 0:07:15]} 48. Kc1
{[%clk 0:12:37]} Ra4 {[%clk 0:07:21]} 49. Qb5 {[%clk 0:11:12]} Na2+
{[%clk 0:05:14]} 50. Kd2 {[%clk 0:11:28]} Rd4+ {[%clk 0:05:16]} 51. Ke3
{[%clk 0:10:27]} Rb4 {[%clk 0:02:12]} 52. Qd3+ {[%clk 0:10:23]} Kxf6
{[%clk 0:02:26]} 53. a6 {[%clk 0:10:26]} Ra4 {[%clk 0:02:32]} 54. a7
{[%clk 0:10:15]} Nb4 {[%clk 0:02:27]} 55. Qd8+ {[%clk 0:10:06]} Ke5
{[%clk 0:02:05]} 56. a8=Q {[%clk 0:09:22]} Nd5+ {[%clk 0:02:00]} 57. Qdxd5+
{[%clk 0:09:40]} exd5 {[%clk 0:02:23]} 58. Qxa4 {[%clk 0:10:03]} 1-0

[Event "eytcc"]
[Site "?"]
[Date "2017.08.20"]
[Round "4.34"]
[White "Zamar Kodelja, Jurij"]
[Black "Baum, Jonasz"]
[Result "0-1"]
[BlackElo "2294"]
[WhiteElo "2251"]
[LiveChessVersion "1.4.4"]

1. d4 {[%clk 1:30:46]} d5 {[%clk 1:30:55]} 2. c4 {[%clk 1:30:50]} e6
{[%clk 1:31:21]} 3. Nc3 {[%clk 1:30:51]} a6 {[%clk 1:30:49]} 4. cxd5
{[%clk 1:30:36]} exd5 {[%clk 1:31:13]} 5. Qc2 {[%clk 1:31:00]} Nf6
{[%clk 1:30:53]} 6. Bg5 {[%clk 1:31:22]} Be7 {[%clk 1:30:45]} 7. e3
{[%clk 1:31:40]} O-O {[%clk 1:30:47]} 8. Bd3 {[%clk 1:31:31]} Nbd7
{[%clk 1:30:50]} 9. Nge2 {[%clk 1:31:48]} b6 {[%clk 1:30:44]} 10. O-O
{[%clk 1:31:13]} Bb7 {[%clk 1:31:03]} 11. Rad1 {[%clk 1:29:31]} h6
{[%clk 1:30:49]} 12. Bh4 {[%clk 1:29:55]} Ne4 {[%clk 1:19:46]} 13. Bxe7
{[%clk 1:30:09]} Qxe7 {[%clk 1:20:08]} 14. Bxe4 {[%clk 1:27:58]} dxe4
{[%clk 1:20:33]} 15. Ng3 {[%clk 1:28:14]} Nf6 {[%clk 1:16:02]} 16. d5
{[%clk 1:27:27]} Rad8 {[%clk 1:12:44]} 17. Ngxe4 {[%clk 1:27:32]} Nxd5
{[%clk 1:06:56]} 18. Nxd5 {[%clk 1:27:24]} Bxd5 {[%clk 1:06:59]} 19. Nc3
{[%clk 1:27:50]} Bb7 {[%clk 1:07:12]} 20. e4 {[%clk 1:26:47]} Qc5
{[%clk 1:03:32]} 21. Rxd8 {[%clk 1:11:49]} Rxd8 {[%clk 1:03:53]} 22. Qe2
{[%clk 1:12:09]} b5 {[%clk 1:00:51]} 23. a3 {[%clk 1:12:14]} Rd4 {[%clk 0:50:11]}
24. Qe3 {[%clk 1:11:51]} Qd6 {[%clk 0:33:55]} 25. f3 {[%clk 1:04:08]} c5
{[%clk 0:31:10]} 26. e5 {[%clk 1:03:14]} Qg6 {[%clk 0:30:10]} 27. Rd1
{[%clk 1:02:30]} Rxd1+ {[%clk 0:30:20]} 28. Nxd1 {[%clk 1:02:50]} Qc2
{[%clk 0:29:04]} 29. Qe1 {[%clk 1:02:43]} Bc8 {[%clk 0:21:23]} 30. f4
{[%clk 0:50:23]} b4 {[%clk 0:15:58]} 31. axb4 {[%clk 0:48:03]} cxb4
{[%clk 0:16:22]} 32. Kf1 {[%clk 0:47:20]} a5 {[%clk 0:15:25]} 33. Qe2
{[%clk 0:46:56]} Qc1 {[%clk 0:10:51]} 34. g3 {[%clk 0:46:53]} Be6
{[%clk 0:05:51]} 35. Ke1 {[%clk 0:47:07]} Bb3 {[%clk 0:03:25]} 36. Qd2
{[%clk 0:47:24]} Qb1 {[%clk 0:01:45]} 37. g4 {[%clk 0:46:30]} a4 {[%clk 0:01:34]}
38. Ke2 {[%clk 0:45:36]} Bxd1+ {[%clk 0:01:43]} 39. Qxd1 {[%clk 0:46:01]} Qe4+
{[%clk 0:01:35]} 40. Kd2 {[%clk 1:16:11]} Qxf4+ {[%clk 0:31:51]} 41. Kd3
{[%clk 1:16:28]} a3 {[%clk 0:29:37]} 42. bxa3 {[%clk 1:15:54]} bxa3
{[%clk 0:30:02]} 43. Kc3 {[%clk 1:16:20]} Qxe5+ {[%clk 0:30:22]} 44. Kb3
{[%clk 1:16:47]} Qb2+ {[%clk 0:30:40]} 45. Ka4 {[%clk 1:17:08]} a2
{[%clk 0:30:43]} 0-1

[Event "eytcc"]
[Site "?"]
[Date "2017.08.20"]
[Round "4.35"]
[White "Oglaza, Oskar"]
[Black "Brinovec, David"]
[Result "1-0"]
[BlackElo "2178"]
[WhiteElo "2185"]
[LiveChessVersion "1.4.4"]

1. e4 {[%clk 1:30:53]} e5 {[%clk 1:30:54]} 2. Nf3 {[%clk 1:31:18]} Nc6
{[%clk 1:31:21]} 3. Bb5 {[%clk 1:31:34]} Nge7 {[%clk 1:31:45]} 4. Nc3
{[%clk 1:31:56]} g6 {[%clk 1:31:46]} 5. d4 {[%clk 1:32:07]} exd4 {[%clk 1:32:10]}
6. Nd5 {[%clk 1:32:32]} Bg7 {[%clk 1:32:37]} 7. Bg5 {[%clk 1:32:57]} h6
{[%clk 1:33:03]} 8. Bf6 {[%clk 1:33:23]} Bxf6 {[%clk 1:33:30]} 9. Nxf6+
{[%clk 1:33:47]} Kf8 {[%clk 1:33:57]} 10. Qd2 {[%clk 1:34:00]} Kg7
{[%clk 1:33:01]} 11. Nxd4 {[%clk 1:34:15]} Ng8 {[%clk 1:31:17]} 12. Nxg8
{[%clk 1:21:46]} Rxg8 {[%clk 1:31:32]} 13. O-O-O {[%clk 1:14:55]} Qe7
{[%clk 1:09:22]} 14. Rhe1 {[%clk 1:10:51]} Kh7 {[%clk 0:59:32]} 15. f4
{[%clk 1:09:52]} a6 {[%clk 0:52:22]} 16. Bxc6 {[%clk 1:02:06]} dxc6
{[%clk 0:51:35]} 17. h3 {[%clk 1:00:14]} c5 {[%clk 0:49:04]} 18. Nf3
{[%clk 0:58:48]} b6 {[%clk 0:45:56]} 19. Qc3 {[%clk 0:36:29]} Bb7
{[%clk 0:43:25]} 20. Ne5 {[%clk 0:36:48]} Bc8 {[%clk 0:20:37]} 21. g4
{[%clk 0:33:55]} f6 {[%clk 0:20:02]} 22. Nc4 {[%clk 0:29:07]} Qf7
{[%clk 0:15:11]} 23. f5 {[%clk 0:25:20]} g5 {[%clk 0:10:51]} 24. e5
{[%clk 0:25:29]} fxe5 {[%clk 0:08:06]} 25. Nxe5 {[%clk 0:25:09]} Qxa2
{[%clk 0:06:18]} 26. Nd7 {[%clk 0:23:58]} Qf7 {[%clk 0:03:10]} 27. Nf6+
{[%clk 0:24:20]} Kh8 {[%clk 0:02:58]} 28. Nxg8+ {[%clk 0:24:40]} Kxg8
{[%clk 0:03:24]} 29. Rd8+ {[%clk 0:25:01]} 1-0

[Event "eytcc"]
[Site "?"]
[Date "2017.08.20"]
[Round "4.36"]
[White "Subelj, Jan"]
[Black "Chyzy, Jakub"]
[Result "1-0"]
[BlackElo "2174"]
[WhiteElo "2120"]
[LiveChessVersion "1.4.4"]

1. e4 {[%clk 1:30:49]} e6 {[%clk 1:30:59]} 2. d4 {[%clk 1:31:07]} d5
{[%clk 1:31:27]} 3. e5 {[%clk 1:31:28]} c5 {[%clk 1:31:54]} 4. c3
{[%clk 1:31:51]} Qb6 {[%clk 1:32:20]} 5. Nf3 {[%clk 1:31:28]} Nc6
{[%clk 1:32:46]} 6. a3 {[%clk 1:31:52]} Bd7 {[%clk 1:33:11]} 7. b4
{[%clk 1:31:21]} cxd4 {[%clk 1:33:36]} 8. cxd4 {[%clk 1:31:43]} Rc8
{[%clk 1:34:04]} 9. Be3 {[%clk 1:29:36]} Nh6 {[%clk 1:32:28]} 10. Bd3
{[%clk 1:29:24]} Ng4 {[%clk 1:32:47]} 11. O-O {[%clk 1:29:31]} Be7
{[%clk 1:32:54]} 12. Nbd2 {[%clk 1:29:16]} Nxe3 {[%clk 1:27:04]} 13. fxe3
{[%clk 1:29:34]} Nb8 {[%clk 1:27:23]} 14. Nb3 {[%clk 1:18:32]} Ba4
{[%clk 1:27:18]} 15. Qb1 {[%clk 1:18:50]} Bxb3 {[%clk 1:27:20]} 16. Qxb3
{[%clk 1:19:10]} O-O {[%clk 1:27:12]} 17. Rac1 {[%clk 1:17:22]} g6
{[%clk 1:21:16]} 18. Qb2 {[%clk 1:16:26]} Nc6 {[%clk 1:13:53]} 19. Rf2
{[%clk 1:08:41]} f6 {[%clk 0:57:54]} 20. exf6 {[%clk 1:08:36]} Bxf6
{[%clk 0:57:58]} 21. Rfc2 {[%clk 0:56:09]} Rce8 {[%clk 0:53:45]} 22. b5
{[%clk 0:51:12]} Ne7 {[%clk 0:44:41]} 23. Rc5 {[%clk 0:50:41]} Nf5
{[%clk 0:33:11]} 24. Bxf5 {[%clk 0:46:32]} exf5 {[%clk 0:33:16]} 25. Qb3
{[%clk 0:46:47]} Qe6 {[%clk 0:31:05]} 26. Qxd5 {[%clk 0:43:21]} Qxd5
{[%clk 0:31:16]} 27. Rxd5 {[%clk 0:43:44]} Rxe3 {[%clk 0:31:40]} 28. a4
{[%clk 0:42:38]} Rfe8 {[%clk 0:22:52]} 29. Rd7 {[%clk 0:40:58]} R3e7
{[%clk 0:19:32]} 30. Rcc7 {[%clk 0:39:51]} Rxd7 {[%clk 0:19:32]} 31. Rxd7
{[%clk 0:40:10]} Re7 {[%clk 0:19:17]} 32. Rd8+ {[%clk 0:29:55]} Kf7
{[%clk 0:19:31]} 33. Ra8 {[%clk 0:30:17]} b6 {[%clk 0:19:08]} 34. Kf2
{[%clk 0:30:41]} g5 {[%clk 0:13:46]} 35. d5 {[%clk 0:31:00]} g4 {[%clk 0:12:20]}
36. Nd2 {[%clk 0:31:19]} Bd4+ {[%clk 0:10:20]} 37. Kf1 {[%clk 0:31:41]} Rd7
{[%clk 0:09:16]} 38. Ke2 {[%clk 0:31:21]} Kf6 {[%clk 0:07:08]} 39. Nc4
{[%clk 0:30:33]} Bc5 {[%clk 0:06:33]} 40. h3 {[%clk 0:56:40]} Kg5
{[%clk 0:33:38]} 41. hxg4 {[%clk 0:56:49]} fxg4 {[%clk 0:28:43]} 42. Rg8+
{[%clk 0:56:14]} Kf4 {[%clk 0:27:56]} 43. Rxg4+ {[%clk 0:54:35]} Kxg4
{[%clk 0:13:20]} 44. Ne5+ {[%clk 0:54:01]} Kf5 {[%clk 0:13:29]} 45. Nxd7
{[%clk 0:54:23]} Bd6 {[%clk 0:13:54]} 46. Kf3 {[%clk 0:51:50]} h5
{[%clk 0:13:28]} 47. Ke3 {[%clk 0:52:13]} Bf4+ {[%clk 0:10:49]} 48. Kf3
{[%clk 0:34:21]} Bd6 {[%clk 0:11:11]} 49. Ke3 {[%clk 0:34:14]} Bf4+
{[%clk 0:11:36]} 50. Kf2 {[%clk 0:21:15]} Bd6 {[%clk 0:11:00]} 51. Ke2
{[%clk 0:19:27]} h4 {[%clk 0:07:18]} 52. Kf3 {[%clk 0:19:53]} Kg5
{[%clk 0:07:20]} 53. Ke4 {[%clk 0:19:38]} Kg4 {[%clk 0:07:39]} 54. Ne5+
{[%clk 0:20:02]} Kg3 {[%clk 0:06:18]} 55. Ng6 {[%clk 0:20:27]} Kg4
{[%clk 0:05:52]} 56. Nxh4 {[%clk 0:18:28]} Kxh4 {[%clk 0:03:28]} 1-0

[Event "eytcc"]
[Site "?"]
[Date "2017.08.20"]
[Round "4.37"]
[White "Rudecki, Bartosz"]
[Black "Chukavin, Kirill"]
[Result "0-1"]
[BlackElo "2159"]
[WhiteElo "1884"]
[LiveChessVersion "1.4.4"]

1. e4 {[%clk 1:30:58]} c5 {[%clk 1:30:50]} 2. Nf3 {[%clk 1:31:16]} d6
{[%clk 1:30:37]} 3. d4 {[%clk 1:29:19]} cxd4 {[%clk 1:30:52]} 4. Nxd4
{[%clk 1:29:14]} Nf6 {[%clk 1:31:13]} 5. Nc3 {[%clk 1:29:37]} e6 {[%clk 1:31:22]}
6. Be3 {[%clk 1:05:13]} a6 {[%clk 1:30:05]} 7. a4 {[%clk 1:02:34]} Nc6
{[%clk 1:27:42]} 8. Nxc6 {[%clk 0:56:52]} bxc6 {[%clk 1:28:04]} 9. a5
{[%clk 0:53:45]} Nd7 {[%clk 1:23:17]} 10. Qd2 {[%clk 0:50:15]} Be7
{[%clk 1:19:04]} 11. Be2 {[%clk 0:47:11]} O-O {[%clk 1:17:46]} 12. O-O
{[%clk 0:45:52]} Bb7 {[%clk 1:11:54]} 13. Rad1 {[%clk 0:40:49]} Qc7
{[%clk 0:55:41]} 14. Bf4 {[%clk 0:37:40]} e5 {[%clk 0:54:33]} 15. Bg5
{[%clk 0:35:05]} f6 {[%clk 0:52:12]} 16. Bc4+ {[%clk 0:35:01]} Kh8
{[%clk 0:52:14]} 17. Be3 {[%clk 0:34:14]} Qxa5 {[%clk 0:51:16]} 18. Qe2
{[%clk 0:32:48]} Qd8 {[%clk 0:46:26]} 19. f4 {[%clk 0:25:27]} exf4
{[%clk 0:43:52]} 20. Bxf4 {[%clk 0:25:49]} Ne5 {[%clk 0:42:27]} 21. Bb3
{[%clk 0:24:26]} a5 {[%clk 0:36:39]} 22. Qh5 {[%clk 0:17:30]} Qe8
{[%clk 0:35:01]} 23. Qh3 {[%clk 0:16:55]} Bc8 {[%clk 0:33:29]} 24. Qg3
{[%clk 0:15:37]} Ba6 {[%clk 0:31:35]} 25. Rfe1 {[%clk 0:15:03]} Qh5
{[%clk 0:31:01]} 26. Ra1 {[%clk 0:13:13]} Bd8 {[%clk 0:29:11]} 27. Kh1
{[%clk 0:12:37]} Bc7 {[%clk 0:28:12]} 28. Ba4 {[%clk 0:10:52]} Bb7
{[%clk 0:27:51]} 29. Ne2 {[%clk 0:11:04]} Bb6 {[%clk 0:25:22]} 30. Qb3
{[%clk 0:10:29]} Ra6 {[%clk 0:24:56]} 31. Rad1 {[%clk 0:10:42]} d5
{[%clk 0:16:02]} 32. Ng3 {[%clk 0:10:49]} Qg4 {[%clk 0:15:22]} 33. Bxe5
{[%clk 0:10:11]} fxe5 {[%clk 0:15:32]} 34. Rf1 {[%clk 0:09:26]} Rb8
{[%clk 0:11:16]} 35. c4 {[%clk 0:08:00]} Bc5 {[%clk 0:10:09]} 36. cxd5
{[%clk 0:07:07]} cxd5 {[%clk 0:09:05]} 37. Rxd5 {[%clk 0:06:46]} Rb6
{[%clk 0:08:48]} 38. Qc4 {[%clk 0:06:49]} Bxd5 {[%clk 0:08:40]} 39. Qxc5
{[%clk 0:06:29]} Bg8 {[%clk 0:06:12]} 40. Qxe5 {[%clk 0:35:15]} Rxb2
{[%clk 0:34:34]} 41. Bd1 {[%clk 0:34:52]} Qd7 {[%clk 0:26:21]} 42. Qxa5
{[%clk 0:34:58]} Bc4 {[%clk 0:20:45]} 43. Rg1 {[%clk 0:32:37]} Rb1
{[%clk 0:17:42]} 44. Qa4 {[%clk 0:27:08]} Bb5 {[%clk 0:10:56]} 45. Qc2
{[%clk 0:26:58]} Ra1 {[%clk 0:10:31]} 46. Bf3 {[%clk 0:24:25]} Qd4
{[%clk 0:09:17]} 47. Rb1 {[%clk 0:23:21]} Bd3 {[%clk 0:08:46]} 48. Bd1
{[%clk 0:22:46]} Raxb1 {[%clk 0:08:51]} 0-1

[Event "eytcc"]
[Site "?"]
[Date "2017.08.20"]
[Round "4.38"]
[White "Garanin, Aleksei"]
[Black "Swider, Pawel"]
[Result "1-0"]
[BlackElo "1918"]
[WhiteElo "2192"]
[LiveChessVersion "1.4.4"]

1. d4 {[%clk 1:27:48]} Nf6 {[%clk 1:30:53]} 2. c4 {[%clk 1:27:40]} e6
{[%clk 1:31:15]} 3. g3 {[%clk 1:28:05]} d5 {[%clk 1:31:34]} 4. Nf3
{[%clk 1:28:30]} Be7 {[%clk 1:31:45]} 5. Bg2 {[%clk 1:28:55]} O-O
{[%clk 1:32:01]} 6. Qc2 {[%clk 1:28:39]} b6 {[%clk 1:30:34]} 7. cxd5
{[%clk 1:27:50]} exd5 {[%clk 1:30:39]} 8. O-O {[%clk 1:27:57]} Bb7
{[%clk 1:29:57]} 9. Nc3 {[%clk 1:23:38]} Nbd7 {[%clk 1:24:09]} 10. Rd1
{[%clk 1:19:00]} Re8 {[%clk 1:20:16]} 11. Bf4 {[%clk 1:17:03]} Bb4
{[%clk 1:11:38]} 12. Nb5 {[%clk 1:01:13]} c6 {[%clk 1:01:33]} 13. Nc7
{[%clk 0:57:51]} Rc8 {[%clk 0:51:50]} 14. Nxe8 {[%clk 0:58:13]} Qxe8
{[%clk 0:52:15]} 15. Qa4 {[%clk 0:54:26]} a5 {[%clk 0:51:48]} 16. a3
{[%clk 0:54:10]} Bf8 {[%clk 0:51:48]} 17. Re1 {[%clk 0:51:16]} h6
{[%clk 0:49:51]} 18. Rac1 {[%clk 0:49:01]} g5 {[%clk 0:49:27]} 19. Be3
{[%clk 0:47:21]} Ng4 {[%clk 0:48:08]} 20. Bd2 {[%clk 0:47:37]} Bd6
{[%clk 0:46:59]} 21. Qb3 {[%clk 0:36:38]} Ba6 {[%clk 0:44:28]} 22. Bc3
{[%clk 0:31:41]} Qe7 {[%clk 0:39:25]} 23. h3 {[%clk 0:29:22]} Ngf6
{[%clk 0:39:42]} 24. Ne5 {[%clk 0:27:18]} Qe6 {[%clk 0:32:39]} 25. e4
{[%clk 0:23:31]} Bxe5 {[%clk 0:27:47]} 26. exd5 {[%clk 0:22:58]} Nxd5
{[%clk 0:27:41]} 27. Qc2 {[%clk 0:20:02]} Nxc3 {[%clk 0:23:00]} 28. Qxc3
{[%clk 0:20:11]} Bxd4 {[%clk 0:21:10]} 29. Qxd4 {[%clk 0:20:30]} c5
{[%clk 0:21:00]} 30. Rxe6 {[%clk 0:20:16]} cxd4 {[%clk 0:21:24]} 31. Rxc8+
{[%clk 0:20:43]} Bxc8 {[%clk 0:21:37]} 32. Re8+ {[%clk 0:21:09]} 1-0

[Event "eytcc"]
[Site "?"]
[Date "2017.08.20"]
[Round "4.39"]
[White "Gazda, Dominik"]
[Black "Lumiste, Rene"]
[Result "1/2-1/2"]
[BlackElo "2130"]
[WhiteElo "1438"]
[LiveChessVersion "1.4.4"]

1. e4 {[%clk 1:30:57]} c6 {[%clk 1:28:39]} 2. d4 {[%clk 1:28:50]} d5
{[%clk 1:29:03]} 3. exd5 {[%clk 1:27:55]} cxd5 {[%clk 1:29:28]} 4. Nf3
{[%clk 1:26:52]} Nf6 {[%clk 1:28:51]} 5. Be2 {[%clk 1:24:40]} Nc6
{[%clk 1:27:20]} 6. c3 {[%clk 1:23:42]} Qc7 {[%clk 1:21:50]} 7. O-O
{[%clk 1:18:49]} h6 {[%clk 1:19:45]} 8. Re1 {[%clk 1:16:03]} Bf5 {[%clk 1:19:07]}
9. Nbd2 {[%clk 1:15:16]} e6 {[%clk 1:18:55]} 10. Nf1 {[%clk 1:11:00]} Bd6
{[%clk 1:17:17]} 11. Ng3 {[%clk 1:10:45]} Bh7 {[%clk 1:16:14]} 12. Bd3
{[%clk 1:09:45]} Bxd3 {[%clk 1:13:56]} 13. Qxd3 {[%clk 1:10:09]} O-O
{[%clk 1:13:08]} 14. Qe2 {[%clk 1:07:51]} Nd7 {[%clk 1:06:41]} 15. Nh4
{[%clk 0:51:45]} Rfe8 {[%clk 0:59:56]} 16. Nh5 {[%clk 0:47:14]} f5
{[%clk 0:32:31]} 17. Nxg7 {[%clk 0:35:26]} Kxg7 {[%clk 0:32:52]} 18. Qh5
{[%clk 0:35:50]} Bxh2+ {[%clk 0:30:26]} 19. Kh1 {[%clk 0:36:09]} Bf4
{[%clk 0:30:51]} 20. Qg6+ {[%clk 0:35:57]} Kh8 {[%clk 0:30:17]} 21. Qf7
{[%clk 0:35:52]} Nf8 {[%clk 0:28:31]} 22. Qf6+ {[%clk 0:34:37]} Kh7
{[%clk 0:25:49]} 23. Bxf4 {[%clk 0:34:42]} Qxf4 {[%clk 0:26:05]} 24. Qf7+
{[%clk 0:33:33]} Kh8 {[%clk 0:26:30]} 25. Qxf8+ {[%clk 0:33:42]} Rxf8
{[%clk 0:26:55]} 26. Ng6+ {[%clk 0:34:07]} Kg8 {[%clk 0:15:39]} 27. Nxf4
{[%clk 0:34:25]} Rfe8 {[%clk 0:14:48]} 28. Nxe6 {[%clk 0:33:59]} Re7
{[%clk 0:14:56]} 29. Nf4 {[%clk 0:34:02]} Rae8 {[%clk 0:15:16]} 30. Nd3
{[%clk 0:32:52]} Re2 {[%clk 0:12:16]} 1/2-1/2